The Filipino scientists / (Record no. 291785)
[ view plain ]
| 000 -LEADER | |
|---|---|
| fixed length control field | 00488nam a2200193Ia 4500 |
| 008 - FIXED-LENGTH DATA ELEMENTS--GENERAL INFORMATION | |
| fixed length control field | 160319s9999 xx 000 0 und d |
| 050 ## - LIBRARY OF CONGRESS CALL NUMBER | |
| Classification number | FIL Q 141 |
| 050 ## - LIBRARY OF CONGRESS CALL NUMBER | |
| Item number | .B38 1998 |
| 100 ## - MAIN ENTRY--PERSONAL NAME | |
| Personal name | Batubalani, A.M. |
| 245 #4 - TITLE STATEMENT | |
| Title | The Filipino scientists / |
| 245 ## - TITLE STATEMENT | |
| Statement of responsibility, etc | A.M. Batubalani. |
| 260 ## - PUBLICATION, DISTRIBUTION, ETC. (IMPRINT) | |
| Place of publication, distribution, etc | Manila: |
| 260 ## - PUBLICATION, DISTRIBUTION, ETC. (IMPRINT) | |
| Name of publisher, distributor, etc | Loacan Pub. House, |
| 260 ## - PUBLICATION, DISTRIBUTION, ETC. (IMPRINT) | |
| Date of publication, distribution, etc | 1998 |
| 300 ## - PHYSICAL DESCRIPTION | |
| Extent | 74 pages : |
| 300 ## - PHYSICAL DESCRIPTION | |
| Other physical details | illustrations ; |
| 300 ## - PHYSICAL DESCRIPTION | |
| Dimensions | 20 cm. |
| 650 ## - SUBJECT ADDED ENTRY--TOPICAL TERM | |
| Topical term or geographic name as entry element | Scientists -- Philippines -- Biography. |
| Withdrawn status | Lost status | Damaged status | Home library | Current library | Shelving location | Date acquired | Cost, normal purchase price | Total Checkouts | Full call number | Barcode | Date last seen | Price effective from | Koha item type |
|---|---|---|---|---|---|---|---|---|---|---|---|---|---|
| South Mansfield College | South Mansfield College | Filipiniana Section | 55.00 | FIL Q 141 .B38 1998 | SMC00158 | 03/19/2016 | 03/19/2016 |